| 000 | 00873cam a2200229 4500 | ||
|---|---|---|---|
| 001 | WB3702-16 | ||
| 008 | 000000n2001 000 0 eng u | ||
| 035 | _a(Sirsi) u110255 | ||
| 245 | _aLand Registry launches e-map project | ||
| 260 | _c2001 | ||
| 490 |
_aHM Land Registry Press Release _v(01/01) 2 January 2001, (2) |
||
| 520 | _aLand Registry launches project to computerise its Index Map, which records the location of around 18m registered land parcels in England and Wales. Electronic access to the map data is designed to enhance the quality, speed and accessibility of Land Registry services to customers. | ||
| 590 | _aWB | ||
| 650 | _aCONVEYANCING | ||
| 650 | _aDIGITAL MAP DATA | ||
| 650 | _aCOMPUTERISATION | ||
| 650 | _aORDNANCE SURVEY | ||
| 650 | _aINDEX MAP | ||
| 650 | _aHM LAND REGISTRY | ||
| 690 | _aMAPPING AND MEASUREMENT | ||
| 942 | _n0 | ||
| 999 |
_c65747 _d65747 |
||